La construcción de los derechos fundamentales /

Guardado en:
Autor Principal: Alexy, Robert
Formato: Desconocido
Idioma:Spanish
Publicado: Buenos Aires : Ad-Hoc, 2012
Edición:1a. ed., 1a. reimp.
Series:Derecho, Estado y Sociedad 6
Materias:
Etiquetas: Agregar Etiqueta
Sin Etiquetas, Sea el primero en etiquetar este registro!
LEADER 00519nac a22001695a 4500
001 DER.der013622
008 180615s2012####ag#||||||||||||||#||spa||
005 20241106163306.0
245 1 0 |a La construcción de los derechos fundamentales /  |c Robert Alexy 
250 |a 1a. ed., 1a. reimp. 
260 |a Buenos Aires :  |b Ad-Hoc,  |c 2012 
300 |a 93 p. 
440 0 |a Derecho, Estado y Sociedad  |v 6 
020 |a 9789508948212 
100 1 |a Alexy, Robert 
650 7 |a FILOSOFIA DEL DERECHO 
859 |a DERECHO  |b BIB. DERECHO  |h 340.1  |i ALE  |p 008654